[Event "?"]
[Site "?"]
[Date "????.??.??"]
[Round "?"]
[White "Van Herck, M."]
[Black "Wahlund, B."]
[Result "1/2-1/2"]
[WhiteElo "2156"]
[BlackElo "2095"]
[PlyCount "28"]
[EventDate "2010.??.??"]
[WhiteTeam "Belgien"]
[BlackTeam "Schweden 2"]
[WhiteTeamCountry "BEL"]

1. e4 e6 2. d4 d5 3. Nc3 Bb4 4. Nge2 dxe4 5. a3 Be7 6. Nxe4 Nc6 7. Be3 Nf6 8.
N2c3 Nxe4 9. Nxe4 e5 10. dxe5 Qxd1+ 11. Rxd1 Bf5 12. Bd3 Nxe5 13. Nd6+ Bxd6 14.
Bxf5 O-O 1/2-1/2

[Event "?"]
[Site "?"]
[Date "????.??.??"]
[Round "?"]
[White "Hajenius, W."]
[Black "Andersson, S."]
[Result "1-0"]
[WhiteElo "2043"]
[BlackElo "2068"]
[PlyCount "47"]
[EventDate "2010.??.??"]
[WhiteTeam "Belgien"]
[BlackTeam "Schweden 2"]
[WhiteTeamCountry "BEL"]

1. d4 Nf6 2. c4 e5 3. dxe5 Ng4 4. e3 Nxe5 5. Nh3 Ng6 6. g3 Bb4+ 7. Bd2 Qe7 8.
Nc3 c6 9. Bg2 Ne5 10. Qe2 d6 11. O-O Be6 12. b3 g5 13. Nxg5 Qxg5 14. Ne4 Bg4
15. f3 Qg6 16. Bxb4 c5 17. fxg4 Nbd7 18. Bc3 Rg8 19. Rad1 O-O-O 20. Nxd6+ Kb8
21. Nxb7 Rde8 22. Bxe5+ Nxe5 23. Nxc5 Nxg4 24. Qf3 1-0

[Event "?"]
[Site "?"]
[Date "????.??.??"]
[Round "?"]
[White "Schmidt, G."]
[Black "Potthammel, J."]
[Result "1/2-1/2"]
[WhiteElo "2241"]
[BlackElo "2117"]
[PlyCount "42"]
[EventDate "2010.??.??"]
[WhiteTeam "USV TU Dresden"]
[BlackTeam "Mecklenburg-Vorp.1"]

1. d4 Nf6 2. Nf3 b6 3. c4 Bb7 4. Nc3 e6 5. Bg5 Be7 6. e3 d5 7. Rc1 Nbd7 8. Bd3
dxc4 9. Bxc4 O-O 10. O-O c5 11. dxc5 Nxc5 12. Qe2 Nd5 13. Bf4 Nxf4 14. exf4 Bf6
15. b4 Bxc3 16. Rxc3 Ne4 17. Rcc1 Qf6 18. Qe3 Nd6 19. Be2 Bxf3 20. Bxf3 Rac8
21. g3 Qb2 1/2-1/2

[Event "?"]
[Site "?"]
[Date "????.??.??"]
[Round "?"]
[White "Wiemer, J."]
[Black "Lenk, W."]
[Result "0-1"]
[WhiteElo "2136"]
[BlackElo "2221"]
[PlyCount "38"]
[EventDate "2010.??.??"]
[WhiteTeam "Mecklenburg-Vorp.1"]
[BlackTeam "USV TU Dresden"]

1. e4 d6 2. d4 Nf6 3. Bd3 e5 4. d5 g6 5. c4 Bg7 6. Nc3 O-O 7. Nf3 Na6 8. Qe2
Nc5 9. Bc2 a5 10. Na4 Nfxe4 11. Bxe4 Nxa4 12. Bc2 Nc5 13. Rb1 e4 14. Nd2 Nd3+
15. Bxd3 exd3 16. Qf3 Re8+ 17. Kd1 Qe7 18. h3 Bf5 19. Ra1 a4 0-1

[Event "?"]
[Site "?"]
[Date "????.??.??"]
[Round "?"]
[White "Petzold, H."]
[Black "Krüger, G."]
[Result "1-0"]
[WhiteElo "2152"]
[BlackElo "2019"]
[PlyCount "69"]
[EventDate "2010.??.??"]
[WhiteTeam "USV TU Dresden"]
[BlackTeam "Mecklenburg-Vorp.1"]

1. e4 c5 2. Nc3 a6 3. f4 e6 4. g3 Nc6 5. Bg2 d6 6. d3 Qc7 7. Nf3 b6 8. O-O Bb7
9. Bd2 Nf6 10. Ne2 Be7 11. a3 O-O 12. h3 Rac8 13. Qe1 e5 14. fxe5 dxe5 15. Nh4
Rfd8 16. Nf5 Bf8 17. Bg5 Re8 18. Qf2 Nd7 19. g4 f6 20. Bd2 Nd4 21. Rac1 Ne6 22.
Nc3 c4 23. Kh1 Bc5 24. Qh4 cxd3 25. cxd3 Nd4 26. Nxd4 Bxd4 27. g5 fxg5 28. Qxg5
Nc5 29. b4 Nxd3 30. Nd5 Qd6 31. Rxc8 Rxc8 32. Ne7+ Kh8 33. Nxc8 Bxc8 34. Rf7 g6
35. Qh6 1-0

[Event "?"]
[Site "?"]
[Date "????.??.??"]
[Round "?"]
[White "Bondick, K."]
[Black "Walter, G."]
[Result "0-1"]
[WhiteElo "2167"]
[BlackElo "2281"]
[PlyCount "91"]
[EventDate "2010.??.??"]
[WhiteTeam "Ottonen Magdeburg"]
[BlackTeam "Brandenburg"]

1. d4 Nf6 2. c4 c5 3. d5 d6 4. Nc3 g6 5. e4 Bg7 6. f4 e5 7. dxe6 Bxe6 8. Bd3
Qe7 9. Nf3 Nc6 10. O-O Bg4 11. Be3 O-O 12. h3 Bxf3 13. Qxf3 Nd4 14. Qf2 Rae8
15. Rae1 Qd7 16. Kh2 a6 17. g4 h6 18. Rg1 Nh7 19. Rg2 g5 20. h4 gxf4 21. Bxf4
Be5 22. Kh1 Re6 23. Nd5 Qd8 24. g5 hxg5 25. hxg5 Rg6 26. Bxe5 dxe5 27. Nf6+ Kg7
28. Nxh7 Kxh7 29. Re3 Kg7 30. Rh3 Rh8 31. Rxh8 Qxh8+ 32. Rh2 Qd8 33. Qh4 Kf8
34. Qh8+ Ke7 35. Qxe5+ Ne6 36. Bf1 Rxg5 37. Qc3 Qd1 38. Rf2 Qh5+ 39. Rh2 Qg4
40. Qe3 Nf4 41. a3 Nh5 42. Rg2 Ng3+ 43. Kg1 Qh4 44. Be2 f6 45. Bd3 Qg4 46. Bc2
0-1

[Event "?"]
[Site "?"]
[Date "????.??.??"]
[Round "?"]
[White "Tröger, R."]
[Black "Werchan, H."]
[Result "0-1"]
[WhiteElo "2159"]
[BlackElo "2149"]
[PlyCount "85"]
[EventDate "2010.??.??"]
[WhiteTeam "Brandenburg"]
[BlackTeam "Ottonen Magdeburg"]

1. Nf3 c5 2. g3 Nf6 3. Bg2 Nc6 4. d3 d5 5. O-O e5 6. c4 Be7 7. Nc3 d4 8. Ne4
Nxe4 9. dxe4 Be6 10. b3 Qd7 11. Ne1 g5 12. Nd3 f6 13. a3 h5 14. f4 gxf4 15.
gxf4 Bh3 16. f5 Rg8 17. Rf2 Bd6 18. e3 Qf7 19. Raa2 Bg4 20. Qf1 h4 21. Kh1
O-O-O 22. exd4 Nxd4 23. Rab2 b6 24. Be3 Qh5 25. Bxd4 exd4 26. h3 Bd1 27. Rfd2
Rxg2 28. Rxd1 Rxb2 29. Nxb2 Rg8 30. Rd3 Qg5 31. b4 cxb4 32. c5 Bxc5 33. axb4
Bxb4 34. Rxd4 Bc5 35. Rd1 Qe3 36. Re1 Qb3 37. e5 Qd5+ 38. Kh2 Bg1+ 39. Qxg1
Rxg1 40. Kxg1 Qd4+ 41. Kf1 Qxb2 42. e6 Kd8 43. Kg1 0-1

[Event "?"]
[Site "?"]
[Date "????.??.??"]
[Round "?"]
[White "Bernhöft, E."]
[Black "Graßmann, H."]
[Result "1/2-1/2"]
[WhiteElo "2024"]
[BlackElo "1964"]
[PlyCount "59"]
[EventDate "2010.??.??"]
[WhiteTeam "Brandenburg"]
[BlackTeam "Ottonen Magdeburg"]

1. g3 c5 2. c4 Nf6 3. Nc3 e6 4. Bg2 Nc6 5. e4 d6 6. Nge2 Be7 7. O-O O-O 8. d4
cxd4 9. Nxd4 Bd7 10. Ndb5 Qb8 11. Bg5 a6 12. Nd4 Rd8 13. Rc1 h6 14. Be3 Ne5 15.
Qe2 Qc7 16. b3 Rac8 17. h3 Nc6 18. Nc2 Ne5 19. Nd1 d5 20. exd5 exd5 21. Bf4 Bd6
22. c5 Qxc5 23. Bxe5 Bb5 24. Bxd6 Bxe2 25. Bxc5 Bxf1 26. Be7 Bxg2 27. Bxd8 Be4
28. Bxf6 gxf6 29. Nde3 d4 30. Rd1 1/2-1/2

[Event "?"]
[Site "?"]
[Date "????.??.??"]
[Round "?"]
[White "Weiß, W."]
[Black "Rasmussen, L."]
[Result "1/2-1/2"]
[WhiteElo "2199"]
[BlackElo "2065"]
[PlyCount "38"]
[EventDate "2010.??.??"]
[WhiteTeam "Stiftg BSW/DBAG 1"]
[BlackTeam "Luxemburg"]
[BlackTeamCountry "LUX"]

1. e4 e5 2. Nf3 Nf6 3. d3 d6 4. Be2 g6 5. O-O Bg7 6. c3 O-O 7. Bg5 h6 8. Bh4 g5
9. Bg3 Nc6 10. Nbd2 Nh5 11. Nc4 Nf4 12. Bxf4 exf4 13. Nfd2 b5 14. Na3 a6 15. d4
Ne7 16. Nc2 c5 17. Bf3 Rb8 18. b4 Qc7 19. Rc1 c4 1/2-1/2

[Event "?"]
[Site "?"]
[Date "????.??.??"]
[Round "?"]
[White "Stull, N."]
[Black "Kugelmann, W."]
[Result "1/2-1/2"]
[WhiteElo "2172"]
[BlackElo "2210"]
[PlyCount "61"]
[EventDate "2010.??.??"]
[WhiteTeam "Luxemburg"]
[BlackTeam "Stiftg BSW/DBAG 1"]
[WhiteTeamCountry "LUX"]

1. c4 Nf6 2. Nc3 g6 3. g3 Bg7 4. Bg2 d6 5. Nf3 O-O 6. O-O e5 7. d4 Nbd7 8. h3
c6 9. e4 exd4 10. Nxd4 Re8 11. Re1 Qb6 12. Nb3 Ne5 13. Bf1 Be6 14. Be3 c5 15.
Nd5 Bxd5 16. exd5 Qb4 17. Nd2 Qxb2 18. Rb1 Qxa2 19. Rxb7 Reb8 20. Qb1 Qxb1 21.
Rexb1 Rxb7 22. Rxb7 a5 23. Nb1 a4 24. Na3 Ne4 25. Kg2 f5 26. f3 Nc3 27. Bd2 Nf7
28. Bd3 Bd4 29. g4 Ne5 30. Bf1 fxg4 31. hxg4 1/2-1/2

[Event "?"]
[Site "?"]
[Date "????.??.??"]
[Round "?"]
[White "Blaeser, R."]
[Black "Just, J."]
[Result "1/2-1/2"]
[WhiteElo "2163"]
[BlackElo "2029"]
[PlyCount "26"]
[EventDate "2010.??.??"]
[WhiteTeam "Luxemburg"]
[BlackTeam "Stiftg BSW/DBAG 1"]
[WhiteTeamCountry "LUX"]

1. c4 f5 2. Nf3 Nf6 3. Nc3 e6 4. d4 Bb4 5. Qb3 Bxc3+ 6. Qxc3 Ne4 7. Qc2 O-O 8.
g3 d6 9. Bg2 Nd7 10. Nd2 d5 11. Nxe4 fxe4 12. O-O c6 13. f3 Nf6 1/2-1/2

[Event "?"]
[Site "?"]
[Date "????.??.??"]
[Round "?"]
[White "Pape, M."]
[Black "Ghijsen, P."]
[Result "1-0"]
[WhiteElo "2246"]
[BlackElo "2171"]
[PlyCount "111"]
[EventDate "2010.??.??"]
[WhiteTeam "Widukind 1"]
[BlackTeam "V.A.S. Amsterdam"]

1. e4 c5 2. Nc3 Nc6 3. g3 g6 4. Bg2 Bg7 5. d3 Nf6 6. Nge2 d6 7. h3 a6 8. Be3
Bd7 9. O-O O-O 10. f4 Rb8 11. Qd2 b5 12. g4 b4 13. Nd1 Kh8 14. Ng3 Ng8 15. Bf3
Nd4 16. Bg2 Qc8 17. c3 bxc3 18. bxc3 Nc6 19. Nf2 Qc7 20. Rac1 Qa5 21. g5 Qa3
22. Rc2 Na5 23. Qc1 Qxc1 24. Rfxc1 c4 25. d4 e6 26. h4 Ne7 27. h5 Rfc8 28. Ng4
d5 29. h6 Bf8 30. Ne5 Be8 31. exd5 Nxd5 32. Bxd5 exd5 33. f5 Ba3 34. Rf1 Kg8
35. Bf4 Rb2 36. Rxb2 Bxb2 37. Ng4 Nc6 38. Nf6+ Kh8 39. Nxd5 Rd8 40. Re1 Bd7 41.
Bd2 gxf5 42. Nf6 f4 43. Nge4 Be6 44. d5 Bxd5 45. Nxd5 Rxd5 46. Bxf4 Ne5 47.
Bxe5+ Rxe5 48. Rd1 Re8 49. Rd7 Rf8 50. Kf2 Kg8 51. Rc7 Bc1 52. Kf3 Rd8 53. Nf6+
Kf8 54. Nxh7+ Kg8 55. Nf6+ Kf8 56. Kg4 1-0

[Event "?"]
[Site "?"]
[Date "????.??.??"]
[Round "?"]
[White "Rychlik, K."]
[Black "Oud, N."]
[Result "0-1"]
[WhiteElo "2075"]
[BlackElo "2038"]
[PlyCount "108"]
[EventDate "2010.??.??"]
[WhiteTeam "Widukind 1"]
[BlackTeam "V.A.S. Amsterdam"]

1. e4 c5 2. Nc3 Nc6 3. f4 g6 4. Nf3 Bg7 5. d3 d6 6. Be2 Nf6 7. h3 Nh5 8. g4 Ng3
9. Rg1 Nxe2 10. Nxe2 Bd7 11. c3 Qb6 12. Qc2 h6 13. Be3 Qa6 14. f5 O-O-O 15. Nf4
Rhf8 16. Rf1 gxf5 17. gxf5 Ne5 18. Nxe5 Bxe5 19. Ne2 Kb8 20. b3 Rg8 21. O-O-O
h5 22. Rg1 e6 23. fxe6 Bxe6 24. d4 cxd4 25. Bxd4 Bxh3 26. c4 Bg4 27. Bxe5 dxe5
28. Rd5 Rxd5 29. exd5 Qa3+ 30. Kd2 Qc5 31. Qe4 Re8 32. Rb1 f5 33. b4 Qxb4+ 34.
Rxb4 fxe4 35. Ng3 h4 36. Nxe4 h3 37. Ke3 h2 38. Rb1 Rh8 39. Nf2 Bh3 40. Kf3 Bf5
41. Rh1 e4+ 42. Nxe4 Bxe4+ 43. Kxe4 b6 44. Ke5 Rh6 45. Kf4 Kc7 46. Kg3 a6 47.
Rxh2 Rxh2 48. Kxh2 b5 49. c5 b4 50. Kg2 a5 51. Kf2 a4 52. Ke2 b3 53. axb3 a3
54. d6+ Kd7 0-1

[Event "?"]
[Site "?"]
[Date "????.??.??"]
[Round "?"]
[White "Holsteijn, G."]
[Black "Völpel, G."]
[Result "0-1"]
[WhiteElo "2008"]
[BlackElo "2102"]
[PlyCount "98"]
[EventDate "2010.??.??"]
[WhiteTeam "V.A.S. Amsterdam"]
[BlackTeam "Widukind 1"]

1. d4 Nf6 2. c4 e6 3. g3 d5 4. Bg2 Nbd7 5. cxd5 exd5 6. Nf3 Bb4+ 7. Bd2 Bxd2+
8. Nbxd2 Qe7 9. O-O O-O 10. Re1 Ne4 11. Qc2 c6 12. Nxe4 dxe4 13. Nh4 Nf6 14. f4
h6 15. f5 Re8 16. e3 Bd7 17. Qb3 Nd5 18. a3 Rab8 19. Rf1 Qd6 20. Rae1 Qc7 21.
Qd1 Rbd8 22. Rf2 a6 23. Qc2 Nf6 24. Rf4 Qa5 25. Rc1 Qd5 26. Qe2 Bc8 27. Rc5 Qd6
28. b4 Re7 29. Qe1 Rde8 30. Bf1 Kf8 31. Bc4 b6 32. Bxf7 Rxf7 33. Re5 Bd7 34. g4
Kg8 35. Ng6 c5 36. g5 cxd4 37. Rxe8+ Nxe8 38. gxh6 gxh6 39. Qh4 Kh7 40. Rxe4
Bxf5 41. Ne7 Rg7+ 42. Kf1 Bxe4 43. Qxe4+ Kh8 44. Nf5 Qf8 45. Ke2 Rf7 46. Qxd4+
Kh7 47. e4 Ng7 48. Nd6 Rf1 49. Qxb6 Qf3+ 0-1

[Event "?"]
[Site "?"]
[Date "????.??.??"]
[Round "?"]
[White "Barz, H."]
[Black "Stuerzenbaum, A."]
[Result "1/2-1/2"]
[WhiteElo "2030"]
[BlackElo "2192"]
[PlyCount "27"]
[EventDate "2010.??.??"]
[WhiteTeam "Dresden-Striesen"]
[BlackTeam "Wien 2"]

1. e4 c5 2. Nf3 Nc6 3. d4 cxd4 4. Nxd4 Nf6 5. Nc3 e5 6. Nb3 Bb4 7. Bc4 h6 8.
Bd2 O-O 9. Qe2 d6 10. O-O-O Be6 11. Bxe6 fxe6 12. g4 Nd4 13. Nxd4 exd4 14. Nb1
1/2-1/2

[Event "?"]
[Site "?"]
[Date "????.??.??"]
[Round "?"]
[White "Teichmeister, S."]
[Black "Groschup, G."]
[Result "1-0"]
[WhiteElo "2092"]
[BlackElo "1992"]
[PlyCount "67"]
[EventDate "2010.??.??"]
[WhiteTeam "Wien 2"]
[BlackTeam "Dresden-Striesen"]

1. e4 e6 2. d4 d5 3. Nc3 Bb4 4. e5 c5 5. Bd2 Ne7 6. Nb5 Bxd2+ 7. Qxd2 O-O 8. f4
cxd4 9. Nf3 Nbc6 10. Bd3 f5 11. Nbxd4 Nxd4 12. Nxd4 Nc6 13. Nb3 Qb6 14. Qf2
Qxf2+ 15. Kxf2 b6 16. Bb5 Bd7 17. Bxc6 Bxc6 18. Nd4 Bd7 19. Ke3 h6 20. g4 fxg4
21. Rag1 Kf7 22. Rxg4 Rac8 23. Rhg1 Rg8 24. Rg6 Rce8 25. f5 exf5 26. Kf4 Be6
27. Nxf5 Bxf5 28. Kxf5 Rc8 29. c3 Rc4 30. e6+ Kf8 31. Ke5 Rh4 32. Kd6 Re4 33.
Rf1+ Ke8 34. Rf7 1-0

[Event "?"]
[Site "?"]
[Date "????.??.??"]
[Round "?"]
[White "Günther, E."]
[Black "Titz, H."]
[Result "1-0"]
[WhiteElo "2039"]
[BlackElo "2041"]
[PlyCount "53"]
[EventDate "2010.??.??"]
[WhiteTeam "Dresden-Striesen"]
[BlackTeam "Wien 2"]

1. e4 e5 2. Nf3 Nc6 3. Bc4 Bc5 4. b4 Bxb4 5. c3 Ba5 6. d4 exd4 7. O-O d6 8. Qb3
Qf6 9. cxd4 Nge7 10. d5 Nd4 11. Nxd4 Qxd4 12. Bb2 Qb6 13. Qc2 Bb4 14. Nd2 Qa5
15. Nb3 Qa4 16. Qe2 a6 17. a3 Ba5 18. Nxa5 Qxa5 19. e5 Nxd5 20. exd6+ Be6 21.
Bxd5 Qxd5 22. Rfd1 Qc5 23. d7+ Kd8 24. Qe5 c6 25. Qxg7 Kc7 26. Qe5+ Kb6 27. Qe3
1-0

[Event "?"]
[Site "?"]
[Date "????.??.??"]
[Round "?"]
[White "Wünsch, U."]
[Black "Salov, S."]
[Result "0-1"]
[WhiteElo "2101"]
[BlackElo "2276"]
[PlyCount "72"]
[EventDate "2010.??.??"]
[WhiteTeam "Dresdner Springer"]
[BlackTeam "Schleswig-Holstein"]

1. d4 Nf6 2. Nf3 c5 3. e3 g6 4. Be2 Bg7 5. O-O b6 6. c4 cxd4 7. exd4 d5 8. Nc3
Bb7 9. Re1 O-O 10. Bg5 dxc4 11. Bxc4 Nc6 12. Qd2 Rc8 13. Be2 a6 14. Rad1 Nb4
15. Ne5 Nbd5 16. Bd3 Nxc3 17. bxc3 b5 18. Qb2 Bd5 19. Qa3 Qd6 20. Qb2 Rc7 21.
Bd2 Rfc8 22. Rc1 Nd7 23. Nxd7 Qxd7 24. Be4 Bxe4 25. Rxe4 Qd5 26. Rce1 e6 27. h3
Rc4 28. R1e2 b4 29. cxb4 Rc2 30. Qb3 Rxd2 31. Qxd5 exd5 32. Re8+ Rxe8 33. Rxe8+
Bf8 34. Ra8 Rxd4 35. Rxa6 Rxb4 36. a4 Bc5 0-1

[Event "?"]
[Site "?"]
[Date "????.??.??"]
[Round "?"]
[White "Böttcher, U."]
[Black "Bußler, J."]
[Result "1/2-1/2"]
[WhiteElo "2063"]
[BlackElo "2045"]
[PlyCount "43"]
[EventDate "2010.??.??"]
[WhiteTeam "Schleswig-Holstein"]
[BlackTeam "Dresdner Springer"]

1. c4 e6 2. g3 d5 3. Bg2 c6 4. b3 dxc4 5. bxc4 Qd4 6. Nc3 Qxc4 7. Bb2 Nf6 8.
Rc1 Qb4 9. Qc2 Be7 10. Rb1 Qa5 11. Nf3 O-O 12. O-O Nbd7 13. d4 b5 14. Nd2 Nd5
15. Nb3 Qb6 16. e4 Nxc3 17. Bxc3 b4 18. Ba1 Ba6 19. Rfc1 Rac8 20. Nc5 Nxc5 21.
dxc5 Qa5 22. Qb2 1/2-1/2

[Event "?"]
[Site "?"]
[Date "????.??.??"]
[Round "?"]
[White "Mückan, F."]
[Black "Felser, F."]
[Result "0-1"]
[WhiteElo "2059"]
[BlackElo "2072"]
[PlyCount "78"]
[EventDate "2010.??.??"]
[WhiteTeam "Dresdner Springer"]
[BlackTeam "Schleswig-Holstein"]

1. e4 c5 2. Nc3 Nc6 3. f4 e6 4. Nf3 g6 5. Be2 Bg7 6. O-O a6 7. a4 Nge7 8. Qe1
Nd4 9. Bd1 b6 10. d3 Bb7 11. Kh1 Nec6 12. Ng5 h6 13. Nf3 O-O 14. Ne2 Nxe2 15.
Bxe2 Nd4 16. Bd1 d6 17. Nxd4 cxd4 18. Qg3 Qf6 19. Bd2 Rfc8 20. Rc1 d5 21. e5
Qe7 22. Qf2 Qc5 23. b4 Qc6 24. Ra1 a5 25. b5 Qc5 26. g4 Rc7 27. Qg3 Re8 28. Re1
Rce7 29. Qh4 Bc8 30. Qf2 f6 31. Bc1 Qc3 32. Ra2 fxe5 33. fxe5 Rf7 34. Qd2 Ref8
35. Rg1 Bxe5 36. Qe2 Bb8 37. Bd2 Qc7 38. Be1 Rf2 39. Rg3 Rxe2 0-1

[Event "?"]
[Site "?"]
[Date "????.??.??"]
[Round "?"]
[White "Steedman, J."]
[Black "Bodach, H."]
[Result "1/2-1/2"]
[WhiteElo "2141"]
[BlackElo "2103"]
[PlyCount "24"]
[EventDate "2010.??.??"]
[WhiteTeam "Norwegen 2"]
[BlackTeam "SV Dresden-Leuben"]

1. d4 Nf6 2. c4 e6 3. Nc3 d5 4. Bg5 Be7 5. e3 h6 6. Bh4 O-O 7. Nf3 b6 8. Rc1
Bb7 9. Bxf6 Bxf6 10. cxd5 exd5 11. Be2 c6 12. O-O Nd7 1/2-1/2

[Event "?"]
[Site "?"]
[Date "????.??.??"]
[Round "?"]
[White "Böhm, E."]
[Black "Strand, O."]
[Result "1/2-1/2"]
[WhiteElo "2228"]
[BlackElo "1965"]
[PlyCount "76"]
[EventDate "2010.??.??"]
[WhiteTeam "SV Dresden-Leuben"]
[BlackTeam "Norwegen 2"]

1. e4 e6 2. d4 d5 3. Nd2 dxe4 4. Nxe4 Bd7 5. Bd3 Bc6 6. Nf3 Nd7 7. c3 Ngf6 8.
Qc2 Nxe4 9. Bxe4 Bxe4 10. Qxe4 c6 11. O-O Nf6 12. Qe2 Be7 13. Ne5 O-O 14. Nd3
b6 15. Be3 Nd5 16. Rad1 Qc7 17. c4 Nxe3 18. Qxe3 Bf6 19. Ne5 Bxe5 20. Qxe5 Qxe5
21. dxe5 Rfd8 22. f4 Kf8 23. Kf2 Ke7 24. Ke3 f6 25. Ke4 f5+ 26. Ke3 Rac8 27. h3
Rb8 28. g4 g6 29. Rg1 Rxd1 30. Rxd1 Rd8 31. Rxd8 Kxd8 32. Kf3 Ke7 33. Kg3 Kf7
34. Kh4 Kg7 35. b4 c5 36. bxc5 bxc5 37. Kg3 h6 38. g5 h5 1/2-1/2

[Event "?"]
[Site "?"]
[Date "????.??.??"]
[Round "?"]
[White "Birkestrand, O."]
[Black "Rozov, B."]
[Result "0-1"]
[WhiteElo "1915"]
[BlackElo "2174"]
[PlyCount "62"]
[EventDate "2010.??.??"]
[WhiteTeam "Norwegen 2"]
[BlackTeam "SV Dresden-Leuben"]

1. e4 c6 2. d4 d5 3. e5 Bf5 4. Nf3 e6 5. a3 c5 6. dxc5 Bxc5 7. Bb5+ Nc6 8. O-O
Nge7 9. b4 Bb6 10. Bb2 h6 11. h3 O-O 12. Bd3 Rc8 13. Nc3 Qd7 14. Bxf5 Nxf5 15.
Qd3 Nfd4 16. Rfe1 Nxf3+ 17. Qxf3 Nd4 18. Qd1 Rc4 19. Ne2 Nf5 20. c3 Rfc8 21.
Nd4 Bxd4 22. cxd4 Qd8 23. g4 Nh4 24. Rc1 Qg5 25. Rxc4 Rxc4 26. Re3 b5 27. Rg3
Qg6 28. Rd3 Qe4 29. f3 Qf4 30. Qf1 Qg3+ 31. Kh1 Rc2 0-1

[Event "?"]
[Site "?"]
[Date "????.??.??"]
[Round "?"]
[White "Goy, U."]
[Black "Lyly, S."]
[Result "1-0"]
[WhiteElo "2232"]
[BlackElo "1991"]
[PlyCount "97"]
[EventDate "2010.??.??"]
[WhiteTeam "Mattadore Rheinld"]
[BlackTeam "Stadi"]

1. d4 g6 2. c4 f5 3. g3 Nf6 4. Bg2 Bg7 5. Nh3 O-O 6. O-O Qe8 7. Nc3 c6 8. d5
Na6 9. Be3 h6 10. a3 g5 11. f4 g4 12. Nf2 c5 13. Nb5 d6 14. Bd2 Bd7 15. Qb3
Bxb5 16. cxb5 Nc7 17. a4 b6 18. Rfe1 h5 19. e4 fxe4 20. Nxe4 Nxe4 21. Bxe4 Qf7
22. Re2 Bd4+ 23. Be3 Qf6 24. Rd1 Bxe3+ 25. Qxe3 Rae8 26. Rde1 Kg7 27. Bd3 Rh8
28. Bc4 h4 29. Qc3 Qxc3 30. bxc3 Kf6 31. Re3 Rh5 32. gxh4 Rxh4 33. R1e2 Rh7 34.
Rg3 Rg7 35. Kf2 Rh8 36. Ke3 e6 37. dxe6 d5 38. Bd3 Nxe6 39. f5 Nc7 40. Kf4 Rh3
41. Reg2 Ne8 42. Be2 Nd6 43. Bxg4 Rxg3 44. hxg3 Rg5 45. Rh2 Nxf5 46. Rh7 Ne7
47. Rxe7 Rxg4+ 48. Kxg4 Kxe7 49. Kf5 1-0

[Event "?"]
[Site "?"]
[Date "????.??.??"]
[Round "?"]
[White "Neumann, H."]
[Black "Hall, R."]
[Result "1/2-1/2"]
[WhiteElo "1982"]
[BlackElo "1840"]
[PlyCount "53"]
[EventDate "2010.??.??"]
[WhiteTeam "Mattadore Rheinld"]
[BlackTeam "Stadi"]

1. d4 e6 2. Nf3 f5 3. Bf4 Nf6 4. h3 b6 5. Nbd2 Bb7 6. e3 Be7 7. Bd3 O-O 8. O-O
Ne4 9. Qe2 d6 10. Rac1 Qe8 11. Bxe4 fxe4 12. Ne1 Qg6 13. Qg4 Qf5 14. c4 Nc6 15.
Qxf5 exf5 16. Nc2 a5 17. a3 Bf6 18. Nb1 Ba6 19. Na1 g5 20. Bh2 Bg7 21. Nd2 Rae8
22. Rfe1 Rf7 23. b3 Bb7 24. Nc2 Ne7 25. b4 Rc8 26. b5 Ng6 27. f3 1/2-1/2

[Event "?"]
[Site "?"]
[Date "????.??.??"]
[Round "?"]
[White "Stähle, S."]
[Black "Paulsen, E."]
[Result "1-0"]
[WhiteElo "1678"]
[BlackElo "1868"]
[PlyCount "55"]
[EventDate "2010.??.??"]
[WhiteTeam "Stadi"]
[BlackTeam "Mattadore Rheinld"]

1. e4 c5 2. Nf3 e6 3. d4 cxd4 4. Nxd4 a6 5. Be3 Qc7 6. Bd3 Nf6 7. f3 Be7 8. Qd2
d6 9. Nc3 Nbd7 10. O-O-O b5 11. Kb1 Bb7 12. g4 Ne5 13. g5 Nfd7 14. h4 Nc5 15.
f4 Nc4 16. Bxc4 bxc4 17. Rhe1 Nxe4 18. Nxe4 Bxe4 19. Qc3 O-O 20. h5 Rab8 21. g6
hxg6 22. hxg6 Bxg6 23. Rg1 d5 24. Rxg6 Bh4 25. Rxg7+ Kxg7 26. Nxe6+ Kg6 27.
Qg7+ Kf5 28. Nxc7 1-0

[Event "?"]
[Site "?"]
[Date "????.??.??"]
[Round "?"]
[White "Stimpel, F."]
[Black "Ingvason, S."]
[Result "1-0"]
[WhiteElo "2264"]
[BlackElo "2048"]
[PlyCount "51"]
[EventDate "2010.??.??"]
[WhiteTeam "Hessen 2"]
[BlackTeam "Schweden 3"]

1. d4 Nf6 2. c4 c5 3. d5 b5 4. cxb5 a6 5. f3 g6 6. e4 Qc7 7. Na3 d6 8. Ne2 Bg7
9. Nc3 O-O 10. Be2 Nbd7 11. O-O Nb6 12. Kh1 e6 13. dxe6 fxe6 14. Bf4 e5 15. Bg5
Be6 16. bxa6 Rad8 17. Qc2 h6 18. Bxf6 Rxf6 19. Rad1 Qf7 20. b3 g5 21. Ncb5 Bf8
22. Nc4 Nxc4 23. Bxc4 d5 24. exd5 Bxd5 25. Rxd5 Rxd5 26. a7 1-0

[Event "?"]
[Site "?"]
[Date "????.??.??"]
[Round "?"]
[White "Johansson, P."]
[Black "Limberg, S."]
[Result "1/2-1/2"]
[WhiteElo "2060"]
[BlackElo "2152"]
[PlyCount "47"]
[EventDate "2010.??.??"]
[WhiteTeam "Schweden 3"]
[BlackTeam "Hessen 2"]

1. d4 Nf6 2. Nf3 b6 3. g3 Bb7 4. Bg2 e6 5. c4 Bb4+ 6. Bd2 Be7 7. Nc3 O-O 8. Qc2
c5 9. dxc5 bxc5 10. O-O d6 11. Bg5 Nbd7 12. Rfd1 Qc8 13. e4 a6 14. Bf4 Qc7 15.
b3 h6 16. Qe2 Rfd8 17. e5 dxe5 18. Nxe5 Nxe5 19. Bxe5 Rxd1+ 20. Rxd1 Qc8 21.
Na4 Bxg2 22. Kxg2 Qc6+ 23. Qf3 Rc8 24. Qxc6 1/2-1/2

[Event "?"]
[Site "?"]
[Date "????.??.??"]
[Round "?"]
[White "Thieme, H."]
[Black "Gustavsson, S."]
[Result "1-0"]
[WhiteElo "2128"]
[BlackElo "2029"]
[PlyCount "81"]
[EventDate "2010.??.??"]
[WhiteTeam "Hessen 2"]
[BlackTeam "Schweden 3"]

1. e4 c5 2. Nf3 Nc6 3. d4 cxd4 4. Nxd4 Nf6 5. Nc3 e5 6. Ndb5 d6 7. Bg5 a6 8.
Na3 b5 9. Nd5 Be7 10. Bxf6 Bxf6 11. c3 O-O 12. Nc2 Bg5 13. a4 bxa4 14. Rxa4 a5
15. Bc4 Rb8 16. b3 Kh8 17. O-O g6 18. Kh1 Bd7 19. Ra2 f5 20. exf5 gxf5 21. Na3
Be6 22. Ne3 Bxc4 23. Naxc4 f4 24. Nd5 e4 25. Re1 f3 26. Rxe4 fxg2+ 27. Kxg2 Qd7
28. Kh1 Qh3 29. Rg4 Bf4 30. Rg3 Qh4 31. Nxf4 Rxf4 32. Re2 Rbf8 33. Qd5 Ne7 34.
Rxe7 Rxf2 35. Qd4+ Qxd4 36. cxd4 h5 37. Ne3 Rb2 38. Rg5 Rxb3 39. Rxh5+ Kg8 40.
Nf5 Rb2 41. Rg7# 1-0

[Event "?"]
[Site "?"]
[Date "????.??.??"]
[Round "?"]
[White "Sandklef, A."]
[Black "Biller, H."]
[Result "1-0"]
[WhiteElo "2009"]
[BlackElo "2158"]
[PlyCount "79"]
[EventDate "2010.??.??"]
[WhiteTeam "Schweden 3"]
[BlackTeam "Hessen 2"]

1. d4 Nf6 2. c4 e6 3. Nf3 b6 4. e3 Bb7 5. Be2 d5 6. O-O Nbd7 7. Nc3 Bd6 8. b3
Ne4 9. Bb2 f5 10. Rc1 a6 11. Ne1 O-O 12. f4 Qe7 13. Nxe4 dxe4 14. g4 c5 15.
gxf5 exf5 16. d5 Qh4 17. Ng2 Qh6 18. Qe1 Be7 19. Qg3 Bf6 20. Bxf6 Nxf6 21. Kf2
Ne8 22. Rg1 Nd6 23. Nh4 Qf6 24. Rc2 Rae8 25. Bf1 Re7 26. Bh3 Bc8 27. Kg2 Bd7
28. Kh1 Rb8 29. Qe1 Rc8 30. Rcg2 b5 31. Ng6 Rf7 32. Ne5 Re7 33. Qa1 Kh8 34. Qe1
Be8 35. Rg5 b4 36. Qh4 h6 37. Bf1 Nf7 38. Rxg7 Qxg7 39. Rxg7 Rxe5 40. Rxf7 1-0

[Event "?"]
[Site "?"]
[Date "????.??.??"]
[Round "?"]
[White "Villing, D."]
[Black "Meier, W."]
[Result "0-1"]
[WhiteElo "2209"]
[BlackElo "2199"]
[PlyCount "46"]
[EventDate "2010.??.??"]
[WhiteTeam "Stiftg BSW/DBAG 3"]
[BlackTeam "BSW Lok Dresden"]

1. e4 c5 2. Nc3 Nc6 3. f4 g6 4. Nf3 Bg7 5. Bb5 Nd4 6. O-O Nxb5 7. Nxb5 d6 8. d3
a6 9. Nc3 e6 10. Qe1 Ne7 11. Be3 b6 12. d4 Qc7 13. Rd1 Bb7 14. dxc5 dxc5 15. f5
gxf5 16. Ng5 h6 17. Nh3 Rd8 18. exf5 Rxd1 19. Nxd1 Nxf5 20. Bc1 Qc6 21. Nf4 Rg8
22. Rf2 Bd4 23. Ne3 Qe4 0-1

[Event "?"]
[Site "?"]
[Date "????.??.??"]
[Round "?"]
[White "Goldberg, V."]
[Black "Seyffer, G."]
[Result "1-0"]
[WhiteElo "2141"]
[BlackElo "2048"]
[PlyCount "47"]
[EventDate "2010.??.??"]
[WhiteTeam "BSW Lok Dresden"]
[BlackTeam "Stiftg BSW/DBAG 3"]

1. e4 e6 2. d4 d5 3. Nc3 Nf6 4. Bg5 Be7 5. e5 Nfd7 6. h4 a6 7. Qg4 Bxg5 8. hxg5
Qe7 9. f4 c5 10. O-O-O cxd4 11. Rxd4 Nc6 12. Rd3 Qb4 13. a3 Ndxe5 14. axb4 Nxg4
15. Nd1 e5 16. Rxd5 Nxb4 17. Rc5 Bf5 18. Be2 O-O 19. Bxg4 Bxg4 20. Ne3 Bd7 21.
Rxe5 Rac8 22. Kb1 Nc6 23. Rd5 Be6 24. Rd1 1-0